000 00359nam a22001577a 4500
003 MPLRDC
005 20220104142604.0
008 210129b ||||| |||| 00| 0 eng d
082 _a528.972 ZZTa
100 _a张志通
245 _a新编外丹功
_c
260 _a
_b张志通
_c
300 _b
650 _a中国武术
942 _cBK
_o528.972 ZZTa
999 _c32099
_d32089